000 00553nam a2200205Ia 4500
003 OSt
005 20241126103558.0
008 210716s1992 xx 000 0 und d
020 _a0373621159
040 _cAIMIT LIBRARY
041 _aeng
082 _a808.83
_21
_bALED
100 _aAlexander, David.
_9186552
245 _aNomad /
_cBy David Alexander.
250 _a1st ed.
260 _aNew York :
_bWorld Wide ;
_c1992.
300 _a347p. ;
_bPB
_c17 cm.
650 _aMission log two:target
_9186553
942 _2ddc
_cBK
_e1st ed.
_k808.83 ALED
999 _c199850
_d199850